[Event "C'Chartres Apr Blitz Open"]
[Site "Europe-Echecs INT"]
[Date "2021.04.10"]
[Round "9"]
[White "Burssens, Maya"]
[Black "Dubois, Mart"]
[Result "0-1"]
[WhiteElo "1076"]
[BlackElo "1780"]
[PlyCount "54"]
[EventDate "2021.04.10"]
[EventType "blitz"]
[SourceTitle "The Week in Chess 1379"]
[Source "Mark Crowther"]
[SourceDate "2021.04.12"]
[SourceVersion "1"]
[SourceVersionDate "2021.04.12"]
[SourceQuality "2"]

1. e4 e5 2. Nf3 d5 3. exd5 e4 4. Ng1 Qxd5 5. Nc3 Qe5 6. Bb5+ c6 7. Ba4 Nf6 8.
Bb3 Bd6 9. Nge2 O-O 10. Ng3 Bg4 11. f3 exf3+ 12. Kf2 Bc5+ 13. Kf1 fxg2+ 14.
Kxg2 Bxd1 15. Rxd1 Nd5 16. d3 Nf4+ 17. Kf3 Ng6 18. Bd2 Qf6+ 19. Kg2 Qf2+ 20.
Kh3 Nf4+ 21. Kg4 h5+ 22. Kh4 Qxh2+ 23. Kg5 Qxg3+ 24. Kf5 g6+ 25. Ke5 Nd7+ 26.
Ke4 Rae8+ 27. Be6 Rxe6# 0-1

[Event "C'Chartres Apr Blitz Open"]
[Site "Europe-Echecs INT"]
[Date "2021.04.10"]
[Round "7"]
[White "Rosu, Alexandru"]
[Black "Dubois, Mart"]
[Result "0-1"]
[WhiteElo "1126"]
[BlackElo "1780"]
[PlyCount "82"]
[EventDate "2021.04.10"]
[EventType "blitz"]
[SourceTitle "The Week in Chess 1379"]
[Source "Mark Crowther"]
[SourceDate "2021.04.12"]
[SourceVersion "1"]
[SourceVersionDate "2021.04.12"]
[SourceQuality "2"]

1. e4 e5 2. Nf3 d5 3. exd5 e4 4. Qe2 Nf6 5. Nc3 Be7 6. Nxe4 O-O 7. Nxf6+ Bxf6
8. d3 Qxd5 9. Qd2 Bg4 10. Be2 Bxf3 11. Bxf3 Re8+ 12. Kf1 Qb5 13. a4 Qa6 14. b3
Bxa1 15. g3 Nc6 16. Kg2 Nd4 17. Qf4 Nxf3 18. Qxf3 Bf6 19. h4 Qc6 20. Qxc6 bxc6
21. h5 Re2 22. h6 Rxc2 23. Be3 Rc3 24. hxg7 Bxg7 25. Bh6 Bxh6 26. Rxh6 Rd8 27.
Rh5 Rdxd3 28. Ra5 Rxb3 29. Rxa7 Ra3 30. a5 Rd4 31. Ra8+ Kg7 32. a6 Rda4 33. Rc8
Rxa6 34. Rxc7 Ra2 35. Kf3 R6a3+ 36. Kg2 Rc3 37. Re7 Rcc2 38. Rc7 Rxf2+ 39. Kh3
h5 40. Kh4 Ra4+ 41. Kxh5 Rf5# 0-1

[Event "C'Chartres Apr Blitz Open"]
[Site "Europe-Echecs INT"]
[Date "2021.04.10"]
[Round "3"]
[White "Socie, Pierre"]
[Black "Dubois, Mart"]
[Result "0-1"]
[WhiteElo "1200"]
[BlackElo "1780"]
[PlyCount "32"]
[EventDate "2021.04.10"]
[EventType "blitz"]
[SourceTitle "The Week in Chess 1379"]
[Source "Mark Crowther"]
[SourceDate "2021.04.12"]
[SourceVersion "1"]
[SourceVersionDate "2021.04.12"]
[SourceQuality "2"]

1. e4 e5 2. Nf3 d5 3. exd5 e4 4. Nd4 Qxd5 5. c3 c5 6. Nb3 Nc6 7. c4 Qe5 8. Nc3
Nf6 9. Be2 Bd6 10. Nb5 Bb8 11. d4 exd3 12. Qxd3 O-O 13. f4 Qe7 14. O-O a6 15.
Nc3 Rd8 16. Qh3 Bxh3 0-1

[Event "Rated Blitz tournament spring21"]
[Site "?"]
[Date "2021.04.10"]
[Round "?"]
[White "miguelsimoes"]
[Black "vovaches"]
[Result "0-1"]
[WhiteElo "2295"]
[BlackElo "2512"]
[PlyCount "98"]
[EventDate "2021.??.??"]
[EventType "blitz"]

1. e4 e5 2. Nf3 d5 3. exd5 e4 4. Qe2 Nf6 5. Nc3 Be7 6. Nxe4 O-O 7. Nxf6+ Bxf6
8. d3 Re8 9. Be3 Bxb2 10. Rd1 Bc3+ 11. Nd2 Qxd5 12. Qf3 Qxa2 13. Be2 Qxc2 14.
O-O Bxd2 15. Rxd2 Qc6 16. Qg3 Qg6 17. Qxc7 Nc6 18. Bf3 Ne5 19. Bxb7 Bxb7 20.
Qxb7 a5 21. Ra1 Nxd3 22. Qb1 Nb4 23. Qxg6 hxg6 24. Bc5 Nc6 25. Rda2 Re5 26. Be3
Rb5 27. Ra4 Rb4 28. Rxb4 Nxb4 29. Bd2 Rd8 30. Bxb4 axb4 31. Kf1 f6 32. Rb1 Rd4
33. Rb3 Kf7 34. Ke2 Ke6 35. Ke3 Kd5 36. Rb1 Rc4 37. Rd1+ Kc5 38. Rd7 b3 39.
Rc7+ Kb4 40. Rxg7 b2 41. Rb7+ Kc3 42. Rxb2 Kxb2 43. f4 Kc3 44. g4 f5 45. gxf5
gxf5 46. h4 Re4+ 47. Kf3 Kd4 48. Kg3 Re3+ 49. Kg2 Ke4 {Normal} 0-1

[Event "Rated Blitz tournament spring21"]
[Site "?"]
[Date "2021.04.10"]
[Round "?"]
[White "DarylP_Baguio"]
[Black "Maltinho"]
[Result "0-1"]
[WhiteElo "2363"]
[BlackElo "2508"]
[PlyCount "112"]
[EventDate "2021.??.??"]
[EventType "blitz"]

1. e4 e5 2. Nf3 d5 3. Nxe5 Bd6 4. d4 dxe4 5. Nc4 Nf6 6. Nc3 Nc6 7. Be2 O-O 8.
O-O Nxd4 9. h3 Bf5 10. Be3 c5 11. Bg5 h6 12. Bxf6 Qxf6 13. Nd5 Qe6 14. Nce3 Bh7
15. Bc4 Qg6 16. c3 Nf3+ 17. Kh1 Ne5 18. Bb3 Kh8 19. Re1 f5 20. Nf4 Qf6 21. Ne6
Rad8 22. Nxf8 Qxf8 23. Qd5 Nd3 24. Re2 Nf4 25. Qd2 Nxe2 26. Qxe2 f4 27. Nc4 f3
28. gxf3 exf3 29. Qe6 Bb8 30. Re1 Qf4 31. Ne5 Rf8 32. Bd5 Bf5 33. Qe7 Bh7 34.
Re3 Bxe5 35. Qxe5 Qh4 36. Rxf3 Rd8 37. Rg3 Qf6 38. Qxf6 gxf6 39. c4 b6 40. Re3
Rd7 41. Re6 Kg7 42. Kg2 Bg8 43. Rc6 Bxd5+ 44. cxd5 Kg6 45. d6 Kf5 46. Kf3 Ke6
47. Rc7 a6 48. Ra7 a5 49. Ra6 Rxd6 50. Ra8 Kf5 51. Rh8 Kg6 52. Rc8 Rd2 53. b3
Rxa2 54. Rc6 Rb2 55. Rxb6 c4 56. Rb5 Rxb3+ {Normal} 0-1

[Event "Rated Blitz game"]
[Site "?"]
[Date "2021.04.10"]
[Round "?"]
[White "ElAdversario"]
[Black "championman3838"]
[Result "0-1"]
[WhiteElo "2573"]
[BlackElo "2616"]
[PlyCount "98"]
[EventDate "2021.??.??"]
[EventType "blitz"]

1. e4 e5 2. Nf3 d5 3. d4 dxe4 4. Nxe5 Nd7 5. Bf4 Ngf6 6. Bc4 Nxe5 7. Bxe5 Bd6
8. Nc3 O-O 9. O-O Re8 10. Bg3 Bf5 11. Qd2 Bg6 12. Rfe1 c6 13. Rad1 Bxg3 14.
hxg3 b5 15. Bb3 a5 16. a3 a4 17. Ba2 Bh5 18. Ne2 Qd6 19. Qb4 Qxb4 20. axb4 Rad8
21. c3 g6 22. Rc1 Bxe2 23. Rxe2 Kg7 24. Rce1 a3 25. bxa3 Ra8 26. f3 Rxa3 27.
fxe4 Rxc3 28. e5 Nd5 29. Bxd5 cxd5 30. Rd2 Rc4 31. Rb1 h5 32. Kf2 Ra8 33. Rb3
Ra4 34. Ke3 Raxb4 35. Rxb4 Rxb4 36. Rc2 Rc4 37. Rb2 b4 38. Kd3 Rc3+ 39. Ke2
Rxg3 40. Rxb4 Rxg2+ 41. Kf3 Rg4 42. Ke3 h4 43. Rb2 h3 44. Rh2 Rh4 45. Kf3 g5
46. Kg3 Rxd4 47. Rxh3 Rd3+ 48. Kg4 Rxh3 49. Kxh3 f5 {Normal} 0-1

[Event "Rated Blitz tournament spring21"]
[Site "?"]
[Date "2021.04.10"]
[Round "?"]
[White "Yudhistira_LCKB"]
[Black "vovaches"]
[Result "0-1"]
[WhiteElo "2302"]
[BlackElo "2519"]
[PlyCount "70"]
[EventDate "2021.??.??"]
[EventType "blitz"]

1. e4 e5 2. Nf3 d5 3. d3 Nc6 4. exd5 Qxd5 5. Nc3 Bb4 6. Bd2 Bxc3 7. Bxc3 Nf6 8.
Be2 O-O 9. O-O b6 10. Nd2 Nd4 11. Bxd4 Qxd4 12. Bf3 Rb8 13. Ne4 Nxe4 14. dxe4
Qxb2 15. Qd3 Qb4 16. h4 Be6 17. h5 Bc4 18. Qe3 Bxf1 19. Rxf1 h6 20. g4 Qe7 21.
Be2 Rfd8 22. Bc4 Rd4 23. Bd5 Qc5 24. Qg3 Rxd5 25. exd5 Qxd5 26. g5 hxg5 27.
Qxg5 Qe6 28. Re1 Re8 29. f4 e4 30. f5 Qh6 31. Qxh6 gxh6 32. Kg2 Re5 33. Rf1 Kg7
34. Kg3 Kf6 35. Kg4 e3 {Normal} 0-1

[Event "Rated Blitz tournament spring21"]
[Site "?"]
[Date "2021.04.10"]
[Round "?"]
[White "Cellini"]
[Black "Maltinho"]
[Result "1/2-1/2"]
[WhiteElo "2454"]
[BlackElo "2498"]
[PlyCount "34"]
[EventDate "2021.??.??"]
[EventType "blitz"]

1. e4 e5 2. Nf3 d5 3. Nxe5 Bd6 4. d4 dxe4 5. Be2 Bxe5 6. dxe5 Qxd1+ 7. Bxd1 Nc6
8. Nc3 Bf5 9. f4 exf3 10. Bxf3 Nd4 11. Kf2 Nxc2 12. Bxb7 Rb8 13. Bc6+ Kf8 14.
Rb1 Na3 15. Ra1 Nc2 16. Rb1 Na3 17. Ra1 Nc2 {Normal} 1/2-1/2

[Event "Rated Blitz game"]
[Site "?"]
[Date "2021.04.10"]
[Round "?"]
[White "ngchesstrainer"]
[Black "GrandeGila"]
[Result "1-0"]
[WhiteElo "2438"]
[BlackElo "2449"]
[PlyCount "167"]
[EventDate "2021.??.??"]
[EventType "blitz"]

1. e4 e5 2. Nf3 d5 3. exd5 e4 4. Qe2 Nf6 5. d3 Qxd5 6. Nbd2 Be7 7. dxe4 Qe6 8.
Qc4 Qg4 9. e5 Nh5 10. Qxg4 Bxg4 11. h3 Be6 12. Nd4 Nf4 13. N2f3 Ng6 14. Nxe6
fxe6 15. Bc4 Nc6 16. Bxe6 Ncxe5 17. Nxe5 Nxe5 18. Be3 Bb4+ 19. Ke2 Ke7 20. Bb3
Rhe8 21. c3 Bd6 22. Rhe1 Kf8 23. g3 a6 24. f4 Nd7 25. Kf3 Nc5 26. Bc2 g6 27. h4
Kg7 28. Re2 Rf8 29. Rae1 Ne6 30. Bb3 Nd8 31. Bd4+ Kh6 32. Bd5 Nc6 33. Bxc6 bxc6
34. Re6 Rab8 35. b3 Rb5 36. c4 Rbb8 37. h5 c5 38. Bc3 Rf5 39. hxg6 hxg6 40.
Rh1+ Rh5 41. Ree1 Rf8 42. Rxh5+ gxh5 43. Re6+ Kh7 44. Be5 Rd8 45. Bxd6 cxd6 46.
Ke4 Kg7 47. Kd5 a5 48. Rxd6 Rc8 49. Rc6 Rd8+ 50. Kxc5 Rd2 51. Kb5 Rxa2 52. Rc5
Kg6 53. Rg5+ Kh6 54. c5 Ra1 55. c6 Ra3 56. Rc5 Rxb3+ 57. Kxa5 Rb8 58. c7 Rc8
59. Kb6 h4 60. g4 Kg6 61. Kb7 Rf8 62. Rc6+ Kg7 63. c8=Q Rxc8 64. Rxc8 h3 65.
Rc1 h2 66. Rh1 Kf6 67. Rxh2 Kg6 68. Rh5 Kg7 69. Kc6 Kf6 70. Kd6 Kf7 71. Ke5 Kg6
72. f5+ Kg7 73. g5 Kf7 74. g6+ Kg7 75. Rh7+ Kg8 76. f6 Kf8 77. Ra7 Ke8 78. Ra8+
Kd7 79. f7 Kc6 80. f8=Q Kc7 81. Qf6 Kd7 82. Re8 Kc7 83. Re7+ Kd8 84. Qf8# {
Normal} 1-0

[Event "Rated Blitz game"]
[Site "?"]
[Date "2021.04.10"]
[Round "?"]
[White "mohsentank200"]
[Black "anjaya01"]
[Result "0-1"]
[WhiteElo "2249"]
[BlackElo "2402"]
[PlyCount "64"]
[EventDate "2021.??.??"]
[EventType "blitz"]

1. e4 e5 2. Nf3 d5 3. Nc3 d4 4. Ne2 d3 5. Nc3 c5 6. Bxd3 Nf6 7. Nxe5 Be7 8.
Bb5+ Kf8 9. O-O h5 10. d3 h4 11. h3 Bd6 12. Nf3 a6 13. e5 axb5 14. exd6 b4 15.
Nb5 Bd7 16. Nc7 Ra5 17. Bg5 Bc6 18. Bf4 g5 19. Bh2 g4 20. Ne5 gxh3 21. Nxc6
Nxc6 22. Re1 c4 23. dxc4 Rg5 24. g3 Kg7 25. Qf3 Ne5 26. Qf4 Nh5 27. Qxh4 Nf3+
28. Kh1 Nxh4 29. gxh4 Rg2 30. Rg1 Qxh4 31. Rxg2+ hxg2+ 32. Kxg2 Qg4+ {Time
forfeit} 0-1

[Event "Rated Blitz tournament spring21"]
[Site "?"]
[Date "2021.04.10"]
[Round "?"]
[White "chess-only-chess"]
[Black "Artem_0degov"]
[Result "1/2-1/2"]
[WhiteElo "2444"]
[BlackElo "2519"]
[PlyCount "26"]
[EventDate "2021.??.??"]
[EventType "blitz"]

1. e4 e5 2. Nf3 d5 3. exd5 e4 4. Qe2 Nf6 5. d3 Bb4+ 6. c3 O-O 7. dxe4 Bd6 8.
Bg5 Re8 9. Nbd2 Nbd7 10. O-O-O h6 11. Bxf6 Nxf6 12. Qd3 Ng4 13. Qe2 Nf6 {Normal
} 1/2-1/2

[Event "Rated Blitz tournament spring21"]
[Site "?"]
[Date "2021.04.10"]
[Round "?"]
[White "onyxz"]
[Black "Interceptor775"]
[Result "1-0"]
[WhiteElo "2424"]
[BlackElo "2297"]
[PlyCount "21"]
[EventDate "2021.??.??"]
[EventType "blitz"]

1. e4 e5 2. Nf3 d5 3. Nxe5 Bd6 4. d4 dxe4 5. Bc4 Bxe5 6. Qh5 Qxd4 7. Qxf7+ Kd8
8. Nc3 Qd7 9. Bg5+ Bf6 10. Rd1 Bxg5 11. Qf8# {Normal} 1-0

[Event "Rated Blitz tournament spring21"]
[Site "?"]
[Date "2021.04.10"]
[Round "?"]
[White "dukicz123"]
[Black "timur247"]
[Result "0-1"]
[WhiteElo "2482"]
[BlackElo "2205"]
[PlyCount "126"]
[EventDate "2021.??.??"]
[EventType "blitz"]

1. e4 e5 2. Nf3 d5 3. exd5 e4 4. Qe2 Nf6 5. d3 Qxd5 6. Nc3 Bb4 7. Bd2 Bxc3 8.
Bxc3 O-O 9. Ne5 exd3 10. Qxd3 Re8 11. f4 Nc6 12. O-O-O Qxa2 13. b3 Be6 14. Nxc6
bxc6 15. Bxf6 gxf6 16. Qc3 Qa3+ 17. Qb2 Qxb2+ 18. Kxb2 a5 19. Ra1 a4 20. Rxa4
Rxa4 21. bxa4 Rb8+ 22. Kc3 Rb1 23. g3 Bd5 24. Rg1 c5 25. a5 c6 26. a6 c4 27. a7
Ra1 28. Bxc4 Rxa7 29. Bxd5 cxd5 30. Rd1 Ra5 31. Kb4 Ra2 32. Rd2 Kg7 33. Kc5
Ra5+ 34. Kd4 Kg6 35. Kc3 Kf5 36. Kb4 Ra2 37. Rxd5+ Kg4 38. Rd2 h5 39. Kb3 Ra7
40. c4 h4 41. Rd3 Rb7+ 42. Kc3 Rc7 43. Kb4 Rb7+ 44. Kc5 Rb2 45. Kd6 h3 46. c5
Rxh2 47. Rc3 Rd2+ 48. Ke7 h2 49. Rc1 f5 50. c6 Rc2 51. Rxc2 h1=Q 52. Rc5 Qe4+
53. Kd6 Qe6+ 54. Kc7 Qe7+ 55. Kb6 Qd6 56. Rc4 Qb8+ 57. Kc5 Qc7 58. Rb4 Kxg3 59.
Rb7 Qa5+ 60. Kd6 Qd2+ 61. Ke7 Qxf4 62. c7 Qe4+ 63. Kd8 Qxb7 {Time forfeit} 0-1

[Event "Rated Blitz tournament spring21"]
[Site "?"]
[Date "2021.04.10"]
[Round "?"]
[White "onyxz"]
[Black "vovaches"]
[Result "0-1"]
[WhiteElo "2400"]
[BlackElo "2490"]
[PlyCount "50"]
[EventDate "2021.??.??"]
[EventType "blitz"]

1. e4 e5 2. Nf3 d5 3. Nxe5 Bd6 4. d4 dxe4 5. Bc4 Bxe5 6. Qh5 Qe7 7. dxe5 Nc6 8.
Bf4 Be6 9. Bb3 O-O-O 10. Nc3 Bxb3 11. axb3 g6 12. Qe2 f5 13. exf6 Nxf6 14. O-O
Nd4 15. Qc4 a6 16. Bg5 Qe5 17. Bxf6 Qxf6 18. Nxe4 Qf5 19. f3 Kb8 20. c3 Nc2 21.
Rad1 Ne3 22. Rxd8+ Rxd8 23. Qb4 Nxf1 24. Nc5 b6 25. Nxa6+ Kb7 {Normal} 0-1

[Event "Rated Blitz game"]
[Site "?"]
[Date "2021.04.10"]
[Round "?"]
[White "adrianrdosina"]
[Black "anjaya01"]
[Result "0-1"]
[WhiteElo "2349"]
[BlackElo "2404"]
[PlyCount "78"]
[EventDate "2021.??.??"]
[EventType "blitz"]

1. e4 e5 2. Nf3 d5 3. Nc3 Bd6 4. Nxd5 f5 5. d4 fxe4 6. Nxe5 Nf6 7. Bg5 Bxe5 8.
dxe5 Qxd5 9. Qxd5 Nxd5 10. O-O-O c6 11. c4 Ne7 12. Be2 Bf5 13. g4 Be6 14. Rd6
Bc8 15. e6 h6 16. Rhd1 Bxe6 17. Rd8+ Kf7 18. Bxe7 Rxd8 19. Bxd8 Na6 20. Ba5 Nc5
21. Rd4 Kf6 22. h4 Ke5 23. Bc3 Kf4 24. f3 Ke3 25. Bd1 exf3 26. b4 Nd3+ 27. Kc2
Nxb4+ 28. Kb3 a5 29. Rd6 Re8 30. a3 Nd3 31. Bd4+ Ke4 32. Bc2 b5 33. Bb6 Bxc4+
34. Kc3 a4 35. Rd4+ Ke5 36. Bxd3 Bxd3 37. Rxd3 Kf4 38. Rd2 Kxg4 39. h5 Kxh5 {
Time forfeit} 0-1

[Event "Rated Blitz tournament spring21"]
[Site "?"]
[Date "2021.04.10"]
[Round "?"]
[White "jonashacker1"]
[Black "Mv17"]
[Result "0-1"]
[WhiteElo "2426"]
[BlackElo "2532"]
[PlyCount "218"]
[EventDate "2021.??.??"]
[EventType "blitz"]

1. e4 e5 2. Nf3 d5 3. exd5 e4 4. Qe2 Nf6 5. d3 Qxd5 6. dxe4 Qxe4 7. Nc3 Bb4 8.
Bd2 Qxe2+ 9. Bxe2 O-O 10. O-O-O Nc6 11. Nb5 Bd6 12. Nxd6 cxd6 13. Bf4 d5 14.
Ne5 Bf5 15. Bd3 Bxd3 16. Rxd3 Rac8 17. a3 Rfe8 18. Nxc6 bxc6 19. f3 Nd7 20. Rd2
Nc5 21. Bg3 Ne6 22. Re1 f6 23. Bf2 a6 24. Bg3 Kf7 25. c4 Rcd8 26. cxd5 Rxd5 27.
Red1 Red8 28. Rxd5 cxd5 29. Kd2 d4 30. b4 Rc8 31. Rc1 Rd8 32. Kd3 Ke7 33. Rc6
Ra8 34. a4 Ra7 35. Rb6 Kd7 36. Rd6+ Ke7 37. Rb6 Kd7 38. Bf2 Ke7 39. g3 Rc7 40.
Rxa6 Rc3+ 41. Kd2 Rxf3 42. Be1 d3 43. Rxe6+ Kxe6 44. a5 Kd5 45. a6 Kc6 46. b5+
Kb6 47. Kd1 d2 48. Bxd2 Kxb5 49. a7 Ra3 50. Be3 Ra2 51. Ke1 Kc4 52. Kf1 Kd3 53.
Bf2 g5 54. g4 Ke4 55. Kg2 f5 56. gxf5 Kxf5 57. h3 h5 58. Kf3 Ra3+ 59. Be3 g4+
60. hxg4+ hxg4+ 61. Kg2 Ke4 62. Bc5 Ra6 63. Kg3 Kf5 64. Be3 Ra4 65. Bb6 Ke6 66.
Bf2 Kd5 67. Be3 Ke4 68. Bf4 Rxa7 69. Kxg4 Ra1 70. Bg3 Ra4 71. Bc7 Ra6 72. Kg3
Rg6+ 73. Kf2 Rc6 74. Bb8 Rc3 75. Kg2 Kf5 76. Ba7 Rb3 77. Bc5 Kf4 78. Bd6+ Ke4
79. Bc5 Rb2+ 80. Kh1 Kf3 81. Ba7 Rb7 82. Bg1 Kg3 83. Bh2+ Kg4 84. Bd6 Rd7 85.
Bc5 Kg3 86. Be3 Rd1+ 87. Bg1 Rd2 88. Bb6 Rh2+ 89. Kg1 Rb2 90. Bc7+ Kf3 91. Kh1
Rb4 92. Bd6 Rh4+ 93. Kg1 Rd4 94. Bc5 Rd2 95. Kh1 Kg3 96. Bg1 Kh3 97. Be3 Rh2+
98. Kg1 Ra2 99. Kf1 Kg3 100. Bd4 Kf3 101. Ke1 Ke4 102. Bc5 Rc2 103. Bg1 Kd3
104. Kf1 Ke4 105. Bf2 Kf3 106. Be1 Rc1 107. Kg1 Rxe1+ 108. Kh2 Rf1 109. Kh3
Rh1# {Normal} 0-1

[Event "Rated Blitz tournament spring21"]
[Site "?"]
[Date "2021.04.10"]
[Round "?"]
[White "Iwasinelectrical"]
[Black "Artem_0degov"]
[Result "0-1"]
[WhiteElo "2389"]
[BlackElo "2519"]
[PlyCount "34"]
[EventDate "2021.??.??"]
[EventType "blitz"]

1. e4 e5 2. Nf3 d5 3. d3 dxe4 4. dxe4 Qxd1+ 5. Kxd1 Bd6 6. c3 Nd7 7. Nbd2 Ngf6
8. h3 Nc5 9. Ke2 Ncxe4 10. Nc4 O-O 11. Be3 Re8 12. Rd1 Be6 13. Ncxe5 Bxe5 14.
Nxe5 Bxa2 15. Nd3 Bc4 16. g3 Rad8 17. Bg2 Nc5 {Normal} 0-1

[Event "Rated Blitz tournament spring21"]
[Site "?"]
[Date "2021.04.10"]
[Round "?"]
[White "Kastorcito"]
[Black "Mv17"]
[Result "1-0"]
[WhiteElo "2627"]
[BlackElo "2566"]
[PlyCount "79"]
[EventDate "2021.??.??"]
[EventType "blitz"]

1. e4 e5 2. Nf3 d5 3. exd5 Bd6 4. d4 e4 5. Ne5 Nd7 6. Nc4 Ngf6 7. Nxd6+ cxd6 8.
c4 O-O 9. Be2 Re8 10. Be3 Nf8 11. Nc3 Ng6 12. O-O Bf5 13. Rc1 Qd7 14. c5 Ng4
15. Bb5 Qe7 16. Bxe8 Rxe8 17. h3 Nxe3 18. fxe3 Qg5 19. Kf2 Nh4 20. Rg1 h5 21.
Qe2 Bd7 22. Rcf1 b5 23. c6 Bc8 24. b4 a5 25. a3 axb4 26. axb4 Bf5 27. Ke1 Ra8
28. Kd2 Ra3 29. Kc2 Qd8 30. Kb2 Ra8 31. Ra1 Bg6 32. Rxa8 Qxa8 33. Qf2 Nf5 34.
g4 hxg4 35. hxg4 Ne7 36. Rh1 f6 37. Qh2 Kf7 38. Qxd6 Qh8 39. Qe6+ Kf8 40. Rxh8+
{Normal} 1-0

[Event "Rated Blitz game"]
[Site "?"]
[Date "2021.04.10"]
[Round "?"]
[White "Higrodynamic"]
[Black "fuglfonix"]
[Result "1-0"]
[WhiteElo "2412"]
[BlackElo "2333"]
[PlyCount "71"]
[EventDate "2021.??.??"]
[EventType "blitz"]

1. e4 e5 2. Nf3 d5 3. exd5 e4 4. Qe2 Nf6 5. Nc3 Be7 6. Nxe4 O-O 7. d4 Re8 8.
Nxf6+ Bxf6 9. Be3 Qxd5 10. Qd2 Nc6 11. c3 Bg4 12. Be2 Rad8 13. h3 Qh5 14. O-O-O
Bxf3 15. Bxf3 Qa5 16. Kb1 Ne5 17. Be2 b5 18. g4 Nc4 19. Bxc4 bxc4 20. g5 Be7
21. Bf4 Rb8 22. Rhe1 Bf8 23. Rxe8 Rxe8 24. Re1 Rb8 25. Qc2 Qb5 26. h4 Ba3 27.
Bc1 a6 28. h5 a5 29. Re5 Qd7 30. g6 hxg6 31. hxg6 fxg6 32. Qxg6 Bd6 33. Rh5 a4
34. Qh7+ Kf7 35. Rf5+ Ke8 36. Qg8+ {Time forfeit} 1-0

[Event "Rated Blitz tournament spring21"]
[Site "?"]
[Date "2021.04.10"]
[Round "?"]
[White "Elnur13"]
[Black "vovaches"]
[Result "0-1"]
[WhiteElo "2278"]
[BlackElo "2593"]
[PlyCount "40"]
[EventDate "2021.??.??"]
[EventType "blitz"]

1. e4 e5 2. Nf3 d5 3. Nxe5 Bd6 4. d4 dxe4 5. Nc4 Nf6 6. Be2 O-O 7. O-O Nc6 8.
Nc3 Nxd4 9. f4 exf3 10. Bxf3 Nxf3+ 11. Qxf3 Bg4 12. Qxb7 Bc5+ 13. Be3 Bxe3+ 14.
Nxe3 Qd4 15. Rae1 Rfe8 16. Ncd5 Rab8 17. Nxf6+ gxf6 18. Qxc7 Rxe3 19. Qxb8+
Re8+ 20. Kh1 Rxb8 {Normal} 0-1

[Event "Rated Blitz game"]
[Site "?"]
[Date "2021.04.10"]
[Round "?"]
[White "viniciustine"]
[Black "Din-don-dan"]
[Result "1-0"]
[WhiteElo "2410"]
[BlackElo "2417"]
[PlyCount "69"]
[EventDate "2021.??.??"]
[EventType "blitz"]

1. e4 e5 2. Nf3 d5 3. Nxe5 Nf6 4. exd5 Qxd5 5. d4 Bd6 6. Nc3 Bb4 7. Be3 O-O 8.
Qf3 Nc6 9. Qxd5 Nxd5 10. Nxc6 bxc6 11. Kd2 Re8 12. Bd3 f5 13. g3 h6 14. h4 a5
15. a3 Bxc3+ 16. bxc3 Nxe3 17. fxe3 Be6 18. Raf1 Rf8 19. Rf2 h5 20. Rb1 g6 21.
Rb7 Rf7 22. Rf1 Re8 23. Ra7 Bd5 24. Rxa5 Rfe7 25. Re1 Bf3 26. a4 Kg7 27. Rc5
Kf6 28. a5 g5 29. a6 Bg4 30. a7 Ra8 31. Rxc6+ Re6 32. Rxe6+ Kxe6 33. Ra1 f4 34.
exf4 gxf4 35. Be4 {Normal} 1-0

[Event "Rated Blitz game"]
[Site "?"]
[Date "2021.04.10"]
[Round "?"]
[White "boldpilot22622"]
[Black "pasha1984"]
[Result "0-1"]
[WhiteElo "2473"]
[BlackElo "2412"]
[PlyCount "114"]
[EventDate "2021.??.??"]
[EventType "blitz"]

1. e4 e5 2. Nf3 d5 3. exd5 e4 4. Nd4 Nf6 5. Bc4 Bc5 6. Nb3 Bb6 7. O-O Ng4 8. h3
Ne5 9. Bb5+ c6 10. dxc6 bxc6 11. Qh5 Qf6 12. Be2 Bf5 13. d4 exd3 14. Bxd3 Bxd3
15. cxd3 O-O 16. Nc3 Nxd3 17. Bg5 Qg6 18. Qh4 Nxb2 19. Ne4 Nd7 20. Rac1 Ne5 21.
Rc3 Nbd3 22. Kh1 f5 23. Ned2 f4 24. Be7 Rf5 25. Ne4 Rh5 26. Nf6+ gxf6 27. Qxf6
Qxf6 28. Bxf6 Kf7 29. Bxe5 Nxe5 30. Nc5 f3 31. Re1 fxg2+ 32. Kxg2 Rg8+ 33. Kh2
Rf5 34. Ne4 Bxf2 35. Rf1 Nf3+ 36. Rxf3 Rxf3 37. Rxf2 Rxf2+ 38. Nxf2 Rd8 39. Ng4
Rd2+ 40. Kg3 Rxa2 41. Kh4 Ra4 42. Kh5 Rxg4 43. Kh6 c5 44. h4 Rxh4+ 45. Kg5 Rd4
46. Kf5 Ra4 47. Ke5 c4 48. Kd5 h5 49. Kd4 h4 50. Kc3 h3 51. Kd4 h2 52. Kc5 h1=Q
53. Kb5 Qb1+ 54. Kxa4 c3 55. Ka5 c2 56. Ka6 c1=Q 57. Kxa7 Qa3# {Normal} 0-1

[Event "Rated Blitz tournament spring21"]
[Site "?"]
[Date "2021.04.10"]
[Round "?"]
[White "samidescalona2002"]
[Black "vovaches"]
[Result "0-1"]
[WhiteElo "2461"]
[BlackElo "2461"]
[PlyCount "86"]
[EventDate "2021.??.??"]
[EventType "blitz"]

1. e4 e5 2. Nf3 d5 3. Nxe5 Bd6 4. d4 dxe4 5. Bc4 Bxe5 6. Qh5 Qe7 7. Qxe5 Qxe5
8. dxe5 Nc6 9. Bf4 Nge7 10. Nc3 Ng6 11. Bg3 Ncxe5 12. Bb3 c6 13. Nxe4 f5 14.
Nd6+ Ke7 15. Bxe5 Nxe5 16. Nxc8+ Raxc8 17. O-O-O Rcd8 18. Rhe1 Kf6 19. f4 Rxd1+
20. Rxd1 Ng6 21. g3 Ke7 22. Re1+ Kd6 23. Re6+ Kd7 24. Re3 Ne7 25. c3 g6 26. Kc2
h5 27. h4 Rf8 28. a4 Rf6 29. Bc4 a6 30. b4 b5 31. axb5 axb5 32. Bb3 Rd6 33. Rd3
Rxd3 34. Kxd3 Kd6 35. Kd4 Nd5 36. Ba2 Nf6 37. Bf7 Ne4 38. Bxg6 Nxg3 39. c4 bxc4
40. Kxc4 Ne2 41. Bxh5 Nxf4 42. Bf3 Ng6 43. h5 Ne5+ {Normal} 0-1

[Event "Rated Blitz tournament spring21"]
[Site "?"]
[Date "2021.04.10"]
[Round "?"]
[White "Funo09"]
[Black "Maltinho"]
[Result "1-0"]
[WhiteElo "2750"]
[BlackElo "2505"]
[PlyCount "53"]
[EventDate "2021.??.??"]
[EventType "blitz"]

1. e4 e5 2. Nf3 d5 3. Nxe5 Bd6 4. d4 dxe4 5. Nc3 Bxe5 6. dxe5 Qxd1+ 7. Nxd1 Nc6
8. Nc3 Bf5 9. Bb5 Nge7 10. Bg5 a6 11. Ba4 b5 12. Bb3 Nxe5 13. Bxe7 Kxe7 14.
Nd5+ Kd8 15. O-O-O Nd7 16. Ne3 Bg6 17. Bd5 c6 18. Bxc6 Ra7 19. Rd4 Rc7 20. Rhd1
Rxc6 21. Rxd7+ Kc8 22. Ra7 Kb8 23. Rdd7 f5 24. Nd5 f4 25. Rdb7+ Kc8 26. Ne7+
Kd8 27. Ra8+ {Normal} 1-0

[Event "Rated Blitz game"]
[Site "?"]
[Date "2021.04.10"]
[Round "?"]
[White "Pmrsoea"]
[Black "anjaya01"]
[Result "1-0"]
[WhiteElo "2380"]
[BlackElo "2415"]
[PlyCount "35"]
[EventDate "2021.??.??"]
[EventType "blitz"]

1. e4 e5 2. Nf3 d5 3. d4 Bd6 4. dxe5 dxe4 5. exd6 exf3 6. Qxf3 cxd6 7. Nc3 Nc6
8. Bf4 d5 9. O-O-O d4 10. Nd5 Be6 11. Nc7+ Kf8 12. Bb5 Rc8 13. Nxe6+ fxe6 14.
Bd6+ Ke8 15. Qf8+ Kd7 16. Qxg7+ Nge7 17. Rxd4 Qb6 18. Qxe7# {Normal} 1-0

[Event "Rated Blitz tournament pR6iTGau"]
[Site "?"]
[Date "2021.04.10"]
[Round "?"]
[White "maelru"]
[Black "VVV-31"]
[Result "1-0"]
[WhiteElo "2438"]
[BlackElo "2225"]
[PlyCount "111"]
[EventDate "2021.??.??"]
[EventType "blitz"]

1. e4 e5 2. Nf3 d5 3. d3 dxe4 4. dxe4 Qxd1+ 5. Kxd1 f6 6. Be3 Be6 7. Nbd2 Nc6
8. c3 O-O-O 9. Kc2 Nh6 10. h3 Nf7 11. b4 a6 12. a4 Bxb4 13. cxb4 Nxb4+ 14. Kc3
Nc6 15. Bc4 Rhe8 16. Rhd1 Na5 17. Bxe6+ Rxe6 18. Kb4 b6 19. Nc4 c5+ 20. Kc3
Nxc4 21. Kxc4 Nd6+ 22. Rxd6 Rexd6 23. a5 b5+ 24. Kxc5 Kc7 25. Kb4 Rc6 26. Bb6+
Kb7 27. Bxd8 Rc4+ 28. Kb3 Rxe4 29. Rd1 Kc6 30. Bb6 Re2 31. Rd2 Re4 32. Rc2+ Kd5
33. Rc7 g5 34. Rxh7 Re2 35. Ra7 e4 36. Nh2 f5 37. Rxa6 f4 38. Ra8 e3 39. Ng4
exf2 40. Nxf2 Kc6 41. Rc8+ Kb7 42. Rc7+ Kb8 43. Rc2 Re1 44. Kb4 Rb1+ 45. Kc5 b4
46. Nd3 b3 47. Rb2 Rd1 48. Rxb3 Kb7 49. Kb5 Rd2 50. a6+ Ka8 51. Rc3 Kb8 52. Nb4
Rb2 53. a7+ Kb7 54. Rc7+ Ka8 55. Rc8+ Kb7 56. Rb8# {Normal} 1-0